Mask Off - Future - All Lyrics - Statistics

General Stats
  • This quiz has been taken 58 times
  • The average score is 191 of 362
Answer Stats
Answer % Correct
Mask
93%
(Mask
93%
mask
93%
off),
93%
off
93%
off)
93%
fuck
88%
I
88%
a
85%
bitch
78%
Chase
78%
(Chase
78%
chase
78%
never
78%
it),
75%
it,
75%
it)
75%
molly,
73%
molly
73%
(Molly),
73%
on
70%
on,
70%
go
68%
the
68%
('Cets),
65%
Percocets
65%
(Percocets)
65%
no
60%
(No)
60%
gang
58%
gang,
58%
check
55%
my
55%
My
55%
gotta
53%
Rep
53%
rep
53%
Two
50%
in
48%
to
48%
coupe
43%
set
43%
we
43%
We
43%
yeah
40%
Ain't
38%
ain't
38%
(Cup),
38%
From
38%
fuckin'
38%
me
38%
me),
38%
whole
38%
chains
35%
I'm
35%
not
35%
that’s
35%
guillotine,
33%
way,
33%
way
33%
with
33%
can
30%
domain,
30%
make
30%
'nother
30%
up
30%
was
30%
and
28%
cups
28%
'em
28%
foreign
28%
gon'
28%
Out
28%
them),
28%
take
25%
adrenaline
23%
anything
23%
But
23%
call
23%
liability
23%
livin'
23%
Pink
23%
prometh')
23%
They
23%
they
23%
thirty-three
23%
(Thirty-three)
23%
are
20%
Ask
20%
down,
20%
drank
20%
(Drank
20%
drive
20%
insane
20%
like
20%
million
20%
move
20%
move)
20%
Ocean
20%
proof
20%
same
20%
Switch
20%
(Switch
20%
(Switch)
20%
Vegas,
20%
break
18%
bust
18%
houses
18%
promethazine
18%
Rob
18%
rob
18%
about
15%
bank,
15%
barely
15%
(Barely
15%
boostin'
15%
('Bout
15%
Buy
15%
didn't
15%
gas
15%
(Gas),
15%
Gas
15%
Hit
15%
James
15%
(James),
15%
lookin'
15%
Maybach
15%
play,
15%
play
15%
come
13%
cruisin'
13%
food
13%
Graduated
13%
half
13%
Intermission
13%
overdue
13%
Rick
13%
stamps
13%
states
13%
Before
10%
compromisin',
10%
Drug
10%
Parlay
10%
Peru
10%
Range
10%
toast
10%
Top
10%
touch
10%
air
8%
(Air),
8%
Biscayne
8%
business
8%
calamari
8%
focus
8%
game
8%
missions
8%
Parliament
8%
(Parliament),
8%
plates
8%
prescriptions
8%
attendance
5%
bottom
5%
extremes
5%
Ford
5%
(Ford
5%
or
5%
or),
5%
Theodore
5%
those
5%
Wednesday
5%
beams
3%
gone,
3%
lenses
3%
nod
3%
TEC
3%
Theo-Dur
0%
No matching quizzes found
Score Distribution
Percent of People with Each Score
Percentile by Number Answered
Your Score History
You have not taken this quiz